Deutsche Streamer an Bild erkennen #2 - Statistiken

Allgemein
  • Dieses Quiz wurde 1.292 mal gespielt
  • Das Durchschnittsergebnis liegt bei 10 aus 15
Antwortstatistiken
Bildquiz Antwort % Korrekt
LetsHugoTV
95%
BastiGHG
86%
Laserluca
86%
Gnu Live
85%
HandofBlood
82%
Inscope21TV
76%
Fritz Meinecke
75%
UnsympathischTV
73%
SidneyEweka
63%
Vlesk
58%
ABUGOKU9999
53%
NIKLASWILSON
49%
Otto Bulletproof
49%
Orangemorange
42%
GIGGAND
29%
Keine übereinstimmenden Quizze gefunden
Verteilung der Resultate
Anzahl Personen mit jedem Resultat
Perzentil nach korrekt beantworteten Fragen
Ihre Resultats-Entwicklung
Sie haben dieses Quiz noch nicht gespielt